Journal of Engineering Education Vol 99 , No 1-4 , (Record no. 58966)

MARC details
000 -LEADER
fixed length control field 00354pam a2200133 a 4500
020 ## - INTERNATIONAL STANDARD BOOK NUMBER
Terms of availability
041 ## - LANGUAGE CODE
Language code of original
082 ## - DEWEY DECIMAL CLASSIFICATION NUMBER
Classification number 050
Item number LOH
100 ## - MAIN ENTRY--PERSONAL NAME
Personal name Lohman J .R ,
Relator term Author .
245 ## - TITLE STATEMENT
Title Journal of Engineering Education Vol 99 , No 1-4 ,
Medium Bound Volumes
260 ## - PUBLICATION, DISTRIBUTION, ETC.
Place of publication, distribution, etc. [s.l]:
Name of publisher, distributor, etc. American Society For Engg Edu ,
Date of publication, distribution, etc. 2010.
300 ## - PHYSICAL DESCRIPTION
Extent 0:
Other physical details Hb;
Dimensions 28*20.
930 ## - EQUIVALENCE OR CROSS-REFERENCE-UNIFORM TITLE HEADING [LOCAL, CANADA]
Uniform title 15745
Holdings
Withdrawn status Lost status Damaged status Not for loan Collection Home library Current library Shelving location Date acquired Source of acquisition Cost, normal purchase price Total Checkouts Full call number Barcode Date last seen Copy number Price effective from Koha item type
        EWP College of Engineering for Women, Pune College of Engineering for Women, Pune WE 09/03/2015 American Society For Engg Edu , 530.00   050 LOH EWP-j856 24/02/2023 1 24/02/2023 Book